000 00415nam a22001697a 4500
003 MPLRDC
005 20220104151423.0
008 210129b ||||| |||| 00| 0 eng d
082 _a539.7 SYS-2
100 _a尚英时编注
245 _a俏皮话精选
_c
260 _a
_b常春藤书坊
_c1977
300 _b
490 _a中国人的书. C48
650 _a俗语--俏皮话
942 _cBK
_o539.7 SYS-2
999 _c52365
_d52355